logo

Bir Sreshtho Munshi Abdur Rouf Library
Jhenaidah Cadet College

The monk who sold his Ferrari : a fable about fulfilling your dreams / (Record no. 14190)

MARC details
000 -LEADER
fixed length control field 00620nam a2200229 a 4500
001 - CONTROL NUMBER
JCCL Control Number 14190
003 - CONTROL NUMBER IDENTIFIER
JCCL marc code BD-JhCC
005 - DATE AND TIME OF LATEST TRANSACTION
control field 20250209082750.0
008 - FIXED-LENGTH DATA ELEMENTS--GENERAL INFORMATION
fixed length control field 250209b20032016ii |||| ||a| 000 0 eng d
020 ## - INTERNATIONAL STANDARD BOOK NUMBER
International Standard Book Number 817992162X
035 ## - SYSTEM CONTROL NUMBER
system control number (BD-JhCC)14190
040 ## - CATALOGING SOURCE
Original cataloging agency BD-JhCC
Modifying agency BD-JhCC
041 ## - LANGUAGE CODE
Language code of Book eng
082 ## - DEWEY DECIMAL CLASSIFICATION NUMBER
Classification number 158.4
Author mark and Year SHA 2016
100 ## - MAIN ENTRY--PERSONAL NAME
Personal name Sharma, Robin S.
245 ## - TITLE STATEMENT
Title The monk who sold his Ferrari : a fable about fulfilling your dreams /
Statement of responsibility, etc Robin S. Sharma
260 ## - PUBLICATION, DISTRIBUTION, ETC. (IMPRINT)
Place of publication, distribution, etc India:
Name of publisher, distributor, etc Jaico Pub;
Date of publication, distribution, etc 2016.
300 ## - PHYSICAL DESCRIPTION
Pagination 197 p .
Dimensions 20 cm.
650 ## - SUBJECT ADDED ENTRY--TOPICAL TERM
Topical term or geographic name as entry element Self-help and meditation
942 ## - ADDED ENTRY ELEMENTS (KOHA)
Source of classification or shelving scheme Dewey Decimal Classification
Koha item type Books
Holdings
Source of classification or shelving scheme Damaged status Not for loan Home library Current library Shelving location Date of accession Source of acquisition Cost, normal purchase price Total Checkouts Full call number Barcode Date last seen Copy number Method of acquisition Koha item type Currency Date checked out
Dewey Decimal Classification     JCC Rouf Library JCC Rouf Library General Stacks   With the compliments of Maj (Retd) Syed Sakhawat Hussain,07/0388/K 100.00   158.4 SHA 2016 20009 02/09/2025 C-1 Gift/Donation Books BDT  
Dewey Decimal Classification     JCC Rouf Library JCC Rouf Library General Stacks   With the compliments of Maj (Retd) Syed Sakhawat Hussain,07/0388/K 100.00 1 158.4 SHA 2016 20010 01/27/2026 C-2 Gift/Donation Books BDT 01/20/2026

JCC Library | Contacts | JCC Home

Last Update on 23 September 2017
Copyright @ 2017-2020 JCC Rouf Library
Rouf Library, Jhenidah Cadet College (JCC), Bangladesh